Statistics for Super Smash Bros Brawl Characters

Click here to take the quiz!

General Stats

  • This quiz has been taken 68 times
  • The average score is 23 of 37

Answer Stats

HintAnswer% Correct
Mario
98%
Luigi
96%
Donkey Kong
85%
Link
80%
Bowser
78%
Diddy Kong
78%
Samus Aran
78%
Fox McCloud
70%
Pikachu
70%
Princess Peach
70%
Sheik
70%
Wario
70%
Falco Lombardi
67%
Kirby
67%
Meta Knight
67%
Marth
65%
Ness
65%
Princess Zelda
65%
Lucas
63%
Pit
63%
Toon Link
63%
Zero Suit Samus
63%
Ganondorf
61%
King Dedede
61%
Wolf O'Donnell
61%
Yoshi
61%
Ike
57%
Lucario
57%
Mr. Game and Watch
54%
Sonic the Hedgehog
54%
Ice Climbers
52%
ROB
52%
Jigglypuff
50%
Solid Snake
41%
Captain Falcon
22%
Pikmin and Olimar
22%
Pokemon Trainor
9%

Score Distribution

Percentile by Number Answered

Percent of People with Each Score

Your Score History

You have not taken this quiz